000 00526nam a2200169 i 4500
001 61902
003 ES-MaACL
005 20230906164552.0
007 t|
008 031114s1972 sp ||||1| spa d
245 0 0 _aFe y nueva sensibilidad histórica
_b: XVIII Semana de Misionología de Bérriz.
260 _aSalamanca :
_bSígueme,
_c1972.
300 _a478 p. ;
_c19 cm.
500 _aPrecede al tít.: Instituto Fe y Secularidad.
710 0 0 _aInstituto Fe y Secularidad.
_95054
852 _aES-MaACL
_jC-42830
_bR.81602
999 _c61902
_d61902